Estudio de impacto ambiental: descarga, almacenamiento y regasificación de gas natural licuado, GNL. Adenda N§ 1
Uloženo v:
| Korporativní autor: | |
|---|---|
| Médium: | Kniha |
| Jazyk: | španělština |
| Vydáno: |
Santiago
Universidad de Chile
2005
|
| Témata: | |
| Tagy: |
Přidat tag
Žádné tagy, Buďte první, kdo vytvoří štítek k tomuto záznamu!
|
MARC
| LEADER | 00000nam a2200000 a 4500 | ||
|---|---|---|---|
| 001 | UCK9950 | ||
| 003 | CL-VaPUC | ||
| 008 | 060623e20050000CL |||||||||||||||||spa|d | ||
| 082 | 0 | 4 | |a 363.731 |b OXI |2 21 |
| 110 | 2 | |a OXIQUIM S.A |e author |9 499891 | |
| 245 | 1 | 0 | |a Estudio de impacto ambiental: descarga, almacenamiento y regasificación de gas natural licuado, GNL. Adenda N§ 1 |
| 300 | |a v | ||
| 942 | |c BK | ||
| 945 | |d 20060623 00:00:00 |a cmena | ||
| 260 | |a Santiago |b Universidad de Chile |c 2005 | ||
| 500 | |a v.2: Planos | ||
| 600 | 0 | 7 | |a CONAMA |2 CL-VaPUC |9 499892 |
| 650 | 0 | |a Impacto ambiental |9 262796 | |
| 650 | 7 | |a GAS PROPANO |2 CL-VaPUC |9 499893 | |
| 650 | 7 | |a GAS BUTANO |2 CL-VaPUC |9 499894 | |
| 650 | 0 | |a Combustibles |9 271720 | |
| 650 | 0 | |a Contaminación ambiental |9 314181 | |
| 650 | 0 | |a Aguas servidas |9 261486 | |
| 650 | 0 | |a Protección del medio ambiente |9 257626 | |
| 650 | 0 | |a Responsabilidad social |9 339076 | |
| 651 | 0 | |a Quintero |9 479428 | |
| 651 | 7 | |a PUCHUNCAVI |2 CL-VaPUC |9 499895 | |
| 583 | |a last modification |c 20060623 00:00:00 |k Rodrigo Vera | ||
| 999 | |c 316948 |d 316946 | ||
| 952 | |0 0 |1 0 |4 0 |6 363_731000000000000_OXI_2005 |7 0 |8 P |9 392574 |a BIBING |b BIBING |d 2019-11-22 |h v.1 |i 4238958 |o 363.731 OXI 2005 |p 4238958 |r 2025-01-20 |w 2019-11-22 |y BK |k CCL | ||
| 952 | |0 0 |1 0 |4 0 |6 363_731000000000000_OXI_2005 |7 0 |8 P |9 392575 |a BIBING |b BIBING |d 2019-11-22 |h v.1 |i 4237951 |o 363.731 OXI 2005 |p 4237951 |r 2025-01-20 |w 2019-11-22 |y BK |k CCL | ||
| 952 | |0 0 |1 0 |4 0 |6 363_731000000000000_OXI_2005 |7 0 |8 P |9 392576 |a BIBING |b BIBING |d 2019-11-22 |h v.1 |i 4238370 |o 363.731 OXI 2005 |p 4238370 |r 2025-01-20 |w 2019-11-22 |y BK |k CCL | ||
| 952 | |0 0 |1 0 |4 0 |6 363_731000000000000_OXI_2005 |7 0 |8 P |9 392577 |a BIBING |b BIBING |d 2019-11-22 |h v.2 |i 423894K |o 363.731 OXI 2005 |p 423894K |r 2025-01-20 |w 2019-11-22 |y BK |k CCL | ||
| 952 | |0 0 |1 0 |4 0 |6 363_731000000000000_OXI_2005 |7 0 |8 P |9 392578 |a BIBING |b BIBING |d 2019-11-22 |h v.2 |i 4238338 |o 363.731 OXI 2005 |p 4238338 |r 2025-01-20 |w 2019-11-22 |y BK |k CCL | ||